Official financing for developing countries

Gespeichert in:
Bibliographische Detailangaben
Format: Buch
Sprache:Englisch
Veröffentlicht: Washington International Monetary Fund 1994
Schriftenreihe:World economic and financial surveys
Schlagworte:
Tags: Tag hinzufügen
Keine Tags, Fügen Sie das erste Tag hinzu!

MARC

LEADER 00000nam a2200000 4500
001 c021506
005 20230116113003.2
020 |a 1-55775-378-4 
041 0 |a eng 
044 |a US 
245 1 0 |a Official financing for developing countries 
264 1 |a Washington  |b International Monetary Fund  |c 1994 
300 |a 85 s. 
490 1 |a World economic and financial surveys 
830 0 |a World economic and financial surveys 
610 2 0 |a krajiny rozvojové 
610 2 0 |a financovanie 
610 2 0 |a politika finančná 
610 2 0 |a príjmy obyvateľstva 
610 2 0 |a dlhy 
610 2 0 |a obligácie 
610 2 0 |a dohody 
610 2 0 |a úver 
610 2 0 |a veritelia 
610 2 0 |a bilateralita 
610 2 0 |a pomoc finančná 
610 2 0 |a pomoc rozvojová 
610 2 0 |a multilateralita 
610 2 0 |a reštrukturalizácia 
610 2 0 |a ukazovatele ekonomické 
610 2 0 |a údaje štatistické 
610 2 0 |a porovnanie štatistické medzinárodné